Moje / naše najmilšie

Bibliographic Details
Main Authors: Červeňák, Andrej, 1932-2012 (Author), Vladár, Jozef, 1934-2025 (Author), Zrubec, Laco, 1931-2011 (Author)
Format: Book
Language:Slovak
PhysicalDescription:348 s. fotogr. 22 cm
Published: Nitra Spolok slovenských spisovateľov Filozofická fakulta UKF 2009
ISBN:9788080613549
Edition:[1. vyd.]
Subjects:

MARC

LEADER 00000cam a2200000 a 4500
001 vtls009954731
003 SK-MaSNL
005 20260301130843.0
008 240318s2009 xo o g 010 jdslo
015 |a SNBA2011/01-00063 
020 |a 9788080613549  |q (viaz.)  |z 9788080613532 
035 |a 573E8597-1AA9-4FB2-97D7-6A23799A6AFF 
035 |a urn:nbn:sk:snk-amk03i 
035 |a urn:nbn:sk:snk-am0087p7 
040 |a SNK  |b slo  |c SNK  |e AACR2 
041 0 |a slo 
044 |a xo  |c SK 
072 7 |a 929  |x Biografie  |2 konspekt 
072 7 |a 316.4/.7  |x Sociálne interakcie  |2 konspekt 
080 |a 17.02  |2 2001 
080 |a 316.64  |2 2001 
080 |a 171  |2 2001 
080 |a 316.3/.6  |2 2001 
080 |a (092)  |2 2001 
080 |a (0:82-32)  |2 2001 
100 1 |a Červeňák, Andrej,  |d 1932-2012  |4 aut  |9 153402 
245 1 0 |a Moje / naše najmilšie  |c Andrej Červeňák, Jozef Vladár, Laco Zrubec ; [foto: V. Andraško ... [et al.]] 
250 |a [1. vyd.] 
260 |a Nitra  |b Spolok slovenských spisovateľov  |b Filozofická fakulta UKF  |c 2009 
300 |a 348 s.  |b fotogr.  |c 22 cm 
500 |a Biogr. údaje 
504 |a Bibliogr. odkazy 
650 0 7 |a zmysel života  |2 SNKPH  |9 4977 
650 0 7 |a životné postoje  |2 SNKPH  |9 67721 
650 0 7 |a životné problémy  |2 SNKPH  |9 4390 
650 0 7 |a človek a spoločnosť  |2 SNKPH  |9 4102 
650 0 7 |a Sense of life  |2 SNKPHeng  |9 270861 
650 0 7 |a Life attitudes  |2 SNKPHeng  |9 302214 
650 0 7 |a Life problems  |2 SNKPHeng  |9 322086 
650 0 7 |a Man and society  |2 SNKPHeng  |9 268434 
655 7 |a autobiografie  |2 SNKPH  |9 70280 
655 7 |a príbehy  |2 SNKPH  |9 70507 
655 7 |a Autobiography  |2 SNKPHeng  |9 283613 
655 7 |a Stories  |2 SNKPHeng  |9 265785 
700 1 |a Vladár, Jozef,  |d 1934-2025  |4 aut  |9 85377 
700 1 |a Zrubec, Laco,  |d 1931-2011  |4 aut  |9 150969 
919 |a 978-80-8061-354-9 
958 |a LX 
958 |a OND 
968 |d 821 
999 |c 746021  |d 747951 
952 |a SNK  |b SNK  |y PREZ  |7 0  |p 17A0676014  |o snkSC 142512  |i snk2010/23138  |8 0  |0 0  |1 0  |4 0  |d 2010-10-21  |l 0  |r 2025-07-10 00:00:00  |w 2026-02-23 
952 |a SNK  |b SNK  |y VYP  |7 0  |p 17A0676013  |o snkSC 142512 D1  |i snk2010/23139  |8 0  |0 0  |1 0  |4 0  |d 2010-10-21  |f 1  |l 0  |r 2026-02-23 23:15:47  |w 2026-02-23